Normal view
MARC view
- حمود، خضر موسى محمد
Entry Personal Name
001 - CONTROL NUMBER
- control field: 49930
003 - CONTROL NUMBER IDENTIFIER
- control field: JO-AjAnu
005 - DATE AND TIME OF LATEST TRANSACTION
- control field: 20230606082226.0
008 - FIXED-LENGTH DATA ELEMENTS
- fixed length control field: 230606|| aca||aabn | a|a d
040 ## - CATALOGING SOURCE
- Original cataloging agency: JO-AjAnu
- Transcribing agency: JO-AjAnu
100 ## - HEADING--PERSONAL NAME
- Personal name: حمود، خضر موسى محمد
670 ## - SOURCE DATA FOUND
- Source citation: Work cat.: (JO-AjAnu)25530: حمود، خضر موسى محمد, author, شرح وتحليل نونية القحطاني أبو محمد عبد الله بن محمد الأندلسي القحطاني